Henke’s med-math : dosage calculation, preparation & administration / Susan Buchholz, RN, MSN, CNE. (Record no. 21167)

000 -LEADER
fixed length control field 00693nam a22002057a 4500
020 ## - INTERNATIONAL STANDARD BOOK NUMBER
ISBN 9781975242046
082 ## - DEWEY DECIMAL CLASSIFICATION NUMBER
Classification number 615.14
Item number B9196 2024
100 ## - MAIN ENTRY--AUTHOR NAME
Personal name Buchholz, Susan, author.
245 ## - TITLE STATEMENT
Title Henke’s med-math : dosage calculation, preparation & administration / Susan Buchholz, RN, MSN, CNE.
250 ## - EDITION STATEMENT
Edition statement 10th edition.
260 ## - PUBLICATION, DISTRIBUTION, ETC. (IMPRINT)
Place of publication Philadelphia :
Name of publisher Wolters Kluwer,
Year of publication ©2024.
300 ## - PHYSICAL DESCRIPTION
Number of Pages ix, 554 pages :
Other physical details illustrations ; 28 cm.
500 ## - GENERAL NOTE
General note Includes index.
650 ## - SUBJECT ADDED ENTRY--TOPICAL TERM
Topical Term Drug dosage.
650 ## - SUBJECT ADDED ENTRY--TOPICAL TERM
Topical Term Pharmaceutical preparations -- Administration.
650 ## - SUBJECT ADDED ENTRY--TOPICAL TERM
Topical Term Medicatin errors -- Prevention.
650 ## - SUBJECT ADDED ENTRY--TOPICAL TERM
Topical Term Mathematics -- Nursing.
650 ## - SUBJECT ADDED ENTRY--TOPICAL TERM
Topical Term Nursing -- Mathematics.
942 ## - ADDED ENTRY ELEMENTS (KOHA)
Koha item type Books
Holdings
Source of acquisition Permanent Location Date acquired Koha item type Collection code Accession Number Lost status Shelving location Withdrawn status Current Location Full call number
SchoolCagayan State University - Carig Library2025-07-10BooksNursingN000371 Nursing Library Cagayan State University - Carig Library615.14 B9196 2024
SchoolCagayan State University - Carig Library2025-07-10BooksNursingN000372 Nursing Library Cagayan State University - Carig Library615.14 B9196 2024
SchoolCagayan State University - Carig Library2025-07-10BooksNursingN000373 Nursing Library Cagayan State University - Carig Library615.14 B9196 2024
SchoolCagayan State University - Carig Library2025-07-10BooksNursingN000374 Nursing Library Cagayan State University - Carig Library615.14 B9196 2024
SchoolCagayan State University - Carig Library2025-07-10BooksNursingN000375 Nursing Library Cagayan State University - Carig Library615.14 B9196 2024

Cagayan State University University Library, Carig Campus
Tuguegarao City, Cagayan 3500 | www.csucarig.edu.ph

Powered by Koha